Sports Quiz

Random Sports or NFL Quiz

NFL Starting QBs (Tennessee Titans) Quiz Stats

Quiz Updated Jan 5, 2018

Challenge
Share
Tweet
Embed
Score 0/14 Timer 04:00
1 Play Today
Starts Player % Correct
93Steve McNair
90.5%
42Marcus Mariota
87%
23Jake Locker
80.7%
47Vince Young
80.7%
32Kerry Collins
67.2%
21Matt Hasselbeck
65.4%
10Zach Mettenberger
54.2%
Starts Player % Correct
9Ryan Fitzpatrick
51.1%
5Charlie Whitehurst
43.2%
2Matt Cassel
39.7%
10Billy Volek
31%
1Rusty Smith
28.3%
8Neil O'Donnell
15.3%
1Matt Mauck
5.1%

You're not logged in!

Compare scores with friends on all Sporcle quizzes.
Sign Up with Email
OR
Log In

You Might Also Like...

Show Comments

Extras

Top Quizzes Today


Score Distribution

Your Account Isn't Verified!

In order to create a playlist on Sporcle, you need to verify the email address you used during registration. Go to your Sporcle Settings to finish the process.

Report this User

Report this user for behavior that violates our Community Guidelines.

Details: